000 00888nam a2200217 a 4500
003 0
005 20250422113154.0
008 970114s19uu xx 00 eng d
050 _aPGS BF 698.9.C5
_b.Ob12 2003
100 _aObedencia, Rowell Ace G.
245 _aThe effects of constructive and destructive criticism to some grade 6 students of Southville International School in the SY 2002-2003 /
_cRowelle Ace G. Obedencia.
260 _aLas PiƱas City, Philippines :
_bSouthville International School and Colleges,
_c2003.
300 _a19 pages :
_billustrations ;
_c28 cm.
504 _aIncludes bibliographical references.
650 _aCriticism
_vPsychological aspects.
650 _aInterpersonal relations in children.
650 _aChildren
_vEffect of criticism on.
650 _aSelf-perception in children.
650 _aFeedback (Psychology).
942 _2lcc
_cPASS
999 _c96903
_d96903